Botánica macaronésica. (Record no. 34937)

MARC details
000 -LEADER
campo de control de longitud fija 00674nam a2200217 i 4500
001 - NÚMERO DE CONTROL
campo de control 34937
003 - IDENTIFICADOR DE NÚMERO DE CONTROL
campo de control ES-MaACL
005 - FECHA Y HORA DE LA ÚLTIMA TRANSACCIÓN
campo de control 20230906155025.0
007 - CAMPO FIJO DE DESCRIPCIÓN FÍSICA--INFORMACIÓN GENERAL
campo de control de longitud fija t|
008 - DATOS DE LONGITUD FIJA--INFORMACIÓN GENERAL
campo de control de longitud fija 030211s1976 sp ||||1| spa d
080 ## - NÚMERO DE LA CLASIFICACIÓN DECIMAL UNIVERSAL
Número de la Clasificación Decimal Universal 581.9(460.41)
245 00 - MENCIÓN DEL TÍTULO
Título Botánica macaronésica.
Número de parte o sección de la obra 1.
260 ## - PUBLICACIÓN, DISTRIBUCIÓN, ETC.
Lugar de publicación, distribución, etc. [Las Palmas] :
Nombre del editor, distribuidor, etc. Cabildo Insular de Gran Canaria, Jardín Botánico Viera y Clavijo,
Fecha de publicación, distribución, etc. [1976]
300 ## - DESCRIPCIÓN FÍSICA
Extensión 82 p., 2 lám. :
Otras características físicas il. ;
Dimensiones 25 cm.
490 1# - MENCIÓN DE SERIE
Mención de serie Sección IV. Ciencias
650 #4 - PUNTO DE ACCESO ADICIONAL DE MATERIA--TÉRMINO DE MATERIA
Término de materia o nombre geográfico como elemento de entrada Flora-
Subdivisión geográfica Canarias.
9 (RLIN) 167291
710 2# - ENTRADA AGREGADA--NOMBRE DE ENTIDAD CORPORATIVA
Nombre de entidad corporativa o nombre de jurisdicción como elemento de entrada Jardín Botánico Viera y Clavijo.
9 (RLIN) 5337
830 1# - PUNTO DE ACCESO ADICIONAL DE SERIE-TÍTULO UNIFORME
Título uniforme Sección IV. Ciencias
9 (RLIN) 229521
852 4# - LOCALIZACIÓN
Ubicación ES-MaACL
Número de control de estantería A-7048
Holdings
Estatus retirado Estado de pérdida Estado de daño No para préstamo Biblioteca de origen Biblioteca actual Ubicación en estantería Fecha de adquisición Fuente de adquisición Total de préstamos Signatura topográfica completa Código de barras Visto por última vez Precio de reemplazo Tipo de ítem Koha
        Biblioteca del Ateneo de Madrid Biblioteca del Ateneo de Madrid Sala Pecera Planta 1 17/01/2008     A-7048 1036491 23/02/2023 23/02/2023 Libro impreso